• 首页
  • 本馆介绍
  • 公告通知
  • 最新文献
  • 馆藏检索
  • 电子资源
  • 读者导购
  • 参考咨询
  • 我的图书馆
  • 登录
  • 详细信息显示
  • 放入我的书架
  • 预约/预借图书
  • 作者相关作品
  • 分类相关作品
  • 丛书相关作品
  • 出版社相关作品

书目信息

  • 表格格式
  • 工作单格式
  • 卡片格式
题名:
秘密花园
    
 
作者: Burnett 著 ;West , 郑志红 改写
分册:  
出版信息: 北京   外语教学与研究出版社  1998
页数: 98页
开本: 20cm
丛书名: 书虫·牛津英汉对照读物
单 册:
中图分类: H319.4:I712.44
科图分类:
主题词: 英语--汉语--对照读物 , 长篇小说--美国--近代 , 英语 , 汉语 , 长篇小说
电子资源:
ISBN: 7-5600-1301-5
000 01195oam2 2200337 450
001 1531640645
005 20150122201621.32
010    @a7-5600-1301-5@dCNY3.90
100    @a20050915e20031998em y0chiy0110 ea
101 1  @achi@aeng
102    @aCN@b110000
105    @aa z 000ay
200 1  @a秘密花园@9mi mi hua yuan@f( )Frances Hodgson Burnett著@g( )Clare West改写@g郑志红译
210    @a北京@c外语教学与研究出版社@d1998@h2003重印
215    @a98页@c图@d20cm
225 2  @a书虫·牛津英汉对照读物
306    @a题名页及封面出版社题:外语教学与研究出版社 牛津大学出版社
330    @a“咱俩差不多,”本·威瑟斯塔夫老头对玛丽说。“长得丑,脾气也不好。”可怜的玛丽!谁都不要她,也没有喜欢她。父母去世以后,她被人从印度送回英国的约克郡,住在她舅舅的家里……
461  0 @12001 @a书虫·牛津英汉对照读物
510 1  @aThe Secret Garden@zeng
606 0  @a英语@x汉语@j对照读物
606 0  @a长篇小说@y美国@z近代
606 0  @a英语
606 0  @a汉语
606 0  @a长篇小说
690    @aH319.4:I712.44@v4
701  1 @aBurnett@bFrances Hodgson@4著
702  1 @aWest@bClare@4改写
702  0 @a郑志红@9zheng zhi hong@4译
801  0 @aCN@bNLC@c20050915
905    @aZUCC@dH319.4@eJY268
    
    秘密花园/( )Frances Hodgson Burnett著/( )Clare West改写/郑志红译.-北京:外语教学与研究出版社,1998(2003重印)
    98页:图;20cm.-(书虫·牛津英汉对照读物)
    
    
    ISBN 7-5600-1301-5:CNY3.90
    “咱俩差不多,”本·威瑟斯塔夫老头对玛丽说。“长得丑,脾气也不好。”可怜的玛丽!谁都不要她,也没有喜欢她。父母去世以后,她被人从印度送回英国的约克郡,住在她舅舅的家里……
●
相关链接 在E读中查询图书 在五车中查询图书 在当当中查询图书 在豆瓣中查询图书


正题名:秘密花园     索取号:H319.4/JY268         预约/预借

序号 登录号 条形码 馆藏地/架位号 状态 备注
1 7839426   278394266   学院路分馆/ [索取号:H319.4/JY268] 在馆    
2 7851652   278516526   学院路分馆/ [索取号:H319.4/JY268] 在馆    
3 7852387   278523876   学院路分馆/ [索取号:H319.4/JY268] 在馆    
4 7852388   278523885   学院路分馆/ [索取号:H319.4/JY268] 在馆    
唐山师范学院图书馆 欢迎您!
大连网信软件有限公司© 版权所有